000
00295nam a2200121Ia 4500
008
190216s9999||||xx |||||||||||||| ||und||
100
_a
Raj K Bansal
245
0
_a
Laboratory Manual Of Organic Chemistry
260
_b
Wiley Eastern Ltd
_c
1980
300
_a
290
650
_a
Chemistry
942
_c
BK
999
_c
3102
_d
3102